Список выпускников кафедры полезных ископаемых и геохимии редких элементов (1956-2000); Визитная карточка кафедры полезных ископаемых и геохимии редких элементов Томского Политехнического Университета

Dades bibliogràfiques
Parent link:Визитная карточка кафедры полезных ископаемых и геохимии редких элементов Томского Политехнического Университета.— 2002.— С. 93-102
Idioma:rus
Publicat: 2002
Matèries:
Format: Capítol de llibre
KOHA link:https://koha.lib.tpu.ru/cgi-bin/koha/opac-detail.pl?biblionumber=206267

MARC

LEADER 00000naa2a2200000 4500
001 206267
005 20231031190713.0
035 |a (RuTPU)RU\TPU\book\224839 
035 |a RU\TPU\book\224838 
090 |a 206267 
100 |a 20111229d2002 k y0rusy50 ca 
101 0 |a rus 
102 |a RU 
200 1 |a Список выпускников кафедры полезных ископаемых и геохимии редких элементов (1956-2000) 
463 1 |0 (RuTPU)RU\TPU\book\45207  |t Визитная карточка кафедры полезных ископаемых и геохимии редких элементов Томского Политехнического Университета  |f Томский политехнический университет  |v С. 93-102  |d 2002  |p 110 с. 
610 1 |a труды учёных ТПУ 
801 1 |a RU  |b 63413507  |c 20111229 
801 2 |a RU  |b 63413507  |c 20111229  |g RCR 
942 |c BK